00864nam a2200265 a 450000100100000000500170001000800410002702000150006804000250008308200230010810000270013124500580015825000220021626000590023830000260029749000390032350400410036250000420040365000170044565000200046265000160048265000250049870000340052383000410055700002491120260313093410.0110207s1979 mx r 000 0 spa d a9682303788 aDO-SdBNPbspacBNPHU a325.3bM392s, 19791 aMarx, Karl,d1818-188310aSobre el colonialismo /cKarl Marx, Friedrich Engels. a2a ed. corr. aum. aMéxico, D. F. :bEdiciones Presente y Pasado,c1979. a279, [1] p. ;c21 cm.1 aCuadernos de pasado y presentev37 aIncluye referencias bibliográficas aIncluye notas al pie de las páginas 4aColonialismo 4aNeocolonialismo 4aMilitarismo 0aCiencias políticas1 aEngels, Friedrich,d1820-1895 0aCuadernos de pasado y presente ;v37